000 00672nam a2200241 a 4500
001 1163
003 BD-RjUL
005 20211208233302.0
008 131124s2005 bg |||| |||| 001 0 eng d
020 _a9843225414
035 _a(BD-RjUL)1185
040 _aBD-RjUL
_beng
_cBD-RjUL
041 _aeng
082 0 4 _221
_a300.72
_bABH 2005
100 1 _a Abedin, M. Zainul
_93441
245 1 2 _aA Hand Book of Research /
_c M. Zainul Abedin
250 _a2nd. rev. ed.
260 _aDhaka :
_bBook Syndicate,
_c2005.
300 _a128 p. :
_bill. ;
_c21 cm.
504 _aIncludes bibliography
650 0 _aSocial Science
_vResearch Methodology
_9112231
942 _2ddc
_cBK
_01
999 _c1163
_d1163